[Event "XXVI Festival Conca della Presolana A"]
[Site "Bratto - Castione della Presolana ITA"]
[Date "2006.08.20"]
[Round "2"]
[White "Ranfagni, Stefano"]
[Black "Vezzosi, Paolo"]
[Result "0-1"]
[WhiteElo "2016"]
[BlackElo "2356"]
[PlyCount "80"]
[EventDate "2006.08.19"]

1. e4 c5 2. Nc3 Nc6 3. g3 g6 4. Bg2 Bg7 5. d3 d6 6. Nge2 Rb8 7. a4 a6 8. O-O b5
9. axb5 axb5 10. f4 b4 11. Nd5 Nd4 12. Kh1 Bg4 13. Nxd4 Bxd1 14. Nc6 Bxc2 15.
Nxd8 Kxd8 16. Rf3 Nf6 17. Nxf6 Bxf6 18. g4 Bd4 19. e5 Bd1 20. exd6 Bxf3 21.
dxe7+ Kxe7 22. Bxf3 Rbd8 23. Ra6 Rd6 24. Ra7+ Rd7 25. Ra6 Rc8 26. b3 Rcc7 27.
f5 Ra7 28. Rxa7 Rxa7 29. Bf4 Ra2 30. Bg3 Kf6 31. fxg6 hxg6 32. Bd5 Be5 33.
Bxe5+ Kxe5 34. Bxf7 g5 35. Bc4 Rd2 36. Kg1 Kf4 37. Be6 Rxd3 38. Kg2 Re3 39. Bc4
Kxg4 40. h3+ Kf4 0-1

[Event "XXVI Festival Conca della Presolana A"]
[Site "Bratto - Castione della Presolana ITA"]
[Date "2006.08.20"]
[Round "2"]
[White "Ranieri, Fabrizio"]
[Black "Cebalo, Miso"]
[Result "0-1"]
[WhiteElo "2227"]
[BlackElo "2505"]
[PlyCount "72"]
[EventDate "2006.08.19"]

1. e4 c5 2. Nf3 d6 3. d4 cxd4 4. Nxd4 Nf6 5. Nc3 e6 6. Be2 Be7 7. O-O O-O 8.
Be3 Nc6 9. f4 Bd7 10. Qe1 Nxd4 11. Bxd4 Bc6 12. Qg3 g6 13. Bd3 Nh5 14. Qf2 Nxf4
15. Qxf4 e5 16. Qf2 exd4 17. Qxd4 Qa5 18. Nd5 Bxd5 19. Qxd5 Qxd5 20. exd5 Kg7
21. Rae1 Bf6 22. b3 Bd4+ 23. Kh1 Rae8 24. Bb5 Re5 25. Rxe5 dxe5 26. Be2 h5 27.
g3 f5 28. c4 b6 29. Kg2 Kf6 30. Rd1 Bc5 31. Rf1 e4 32. Rd1 Ke5 33. a4 a5 34.
Kf1 f4 35. gxf4+ Rxf4+ 36. Ke1 Bb4+ 0-1

[Event "XXVI Festival Conca della Presolana A"]
[Site "Bratto - Castione della Presolana ITA"]
[Date "2006.08.20"]
[Round "2"]
[White "Rorato, Giovanni Riccardo"]
[Black "Zucchelli, Massimo"]
[Result "1/2-1/2"]
[WhiteElo "2057"]
[BlackElo "2135"]
[PlyCount "143"]
[EventDate "2006.08.19"]

1. d4 Nf6 2. c4 e6 3. Nc3 d5 4. cxd5 exd5 5. Bg5 c6 6. e3 Nbd7 7. Qc2 Be7 8.
Bd3 O-O 9. Nge2 Re8 10. O-O Nf8 11. f3 Be6 12. e4 g6 13. e5 Nh5 14. Bxe7 Qxe7
15. f4 Ng7 16. Ng3 f5 17. a3 a5 18. Na4 Nd7 19. Rac1 Rec8 20. Qf2 Rc7 21. Rc2
Bf7 22. Rfc1 Ne6 23. Ne2 h5 24. Nac3 Ndf8 25. g3 Be8 26. h3 Rac8 27. Kg2 Ng7
28. Na4 Nd7 29. g4 hxg4 30. hxg4 fxg4 31. f5 gxf5 32. Bxf5 Nxf5 33. Qxf5 Qf7
34. Qxg4+ Qg6 35. Qg3 Qxg3+ 36. Kxg3 Bg6 37. Rc3 b5 38. Nc5 Nxc5 39. Rxc5 Be8
40. Nf4 Rg7+ 41. Kf3 Rb8 42. R5c2 Rbb7 43. Rg2 Rxg2 44. Kxg2 Rg7+ 45. Kf2 Rg4
46. Ne2 Re4 47. Rc3 Bh5 48. Ng3 Rf4+ 49. Kg2 Bg4 50. Rd3 Kf7 51. Rd2 Ke6 52.
Nf1 c5 53. dxc5 Kxe5 54. Ne3 d4 55. Nxg4+ Rxg4+ 56. Kf3 Rg6 57. Rh2 Kd5 58. Ke2
Kxc5 59. Rh5+ Kc4 60. b3+ Kxb3 61. Rxb5+ Ka4 62. Rd5 Rg3 63. Kd2 Rxa3 64. Rxd4+
Kb3 65. Rd3+ Kb2 66. Rxa3 Kxa3 67. Kc2 Ka2 68. Kc1 a4 69. Kc2 Ka1 70. Kc1 Ka2
71. Kc2 Ka1 72. Kc1 1/2-1/2

[Event "XXVI Festival Conca della Presolana A"]
[Site "Bratto - Castione della Presolana ITA"]
[Date "2006.08.20"]
[Round "2"]
[White "Rorato, Renzo"]
[Black "Costantini, Roberto"]
[Result "0-1"]
[WhiteElo "2149"]
[BlackElo "2293"]
[PlyCount "46"]
[EventDate "2006.08.19"]

1. d4 d5 2. c4 c6 3. cxd5 cxd5 4. Nc3 Nc6 5. Nf3 Nf6 6. Bf4 Nh5 7. Bd2 Nf6 8.
Bf4 Ne4 9. e3 Nxc3 10. bxc3 g6 11. Be2 Bg7 12. O-O O-O 13. c4 Bf5 14. Rc1 dxc4
15. Bxc4 Rc8 16. Qa4 a6 17. Be2 Qb6 18. a3 Rfd8 19. Nh4 Bd7 20. Rb1 Nxd4 21.
Bg4 Qxb1 22. Rxb1 Bxa4 23. Bxc8 Ne2+ 0-1

[Event "XXVI Festival Conca della Presolana A"]
[Site "Bratto - Castione della Presolana ITA"]
[Date "2006.08.20"]
[Round "2"]
[White "Rosin, Federico"]
[Black "Piemonti, Carlo"]
[Result "1-0"]
[WhiteElo "2135"]
[BlackElo "2058"]
[PlyCount "91"]
[EventDate "2006.08.19"]

1. e4 c5 2. Nf3 d6 3. d4 cxd4 4. Nxd4 Nf6 5. Nc3 Nc6 6. f3 e5 7. Nb3 a6 8. Be3
Be7 9. Qd2 b5 10. O-O-O Na5 11. Nxa5 Qxa5 12. Kb1 Be6 13. g4 h6 14. Be2 Rc8 15.
Nd5 Qxd2 16. Rxd2 Bxd5 17. exd5 Nd7 18. a4 Rb8 19. axb5 axb5 20. Rd3 Bg5 21.
Bf2 Nf6 22. h4 Bf4 23. Rhd1 O-O 24. Rb3 Ra8 25. Rxb5 Ra4 26. b3 Ra3 27. Kb2
Raa8 28. Bd3 e4 29. Bxe4 Rfe8 30. Bd3 Be5+ 31. c3 Nd7 32. Bc2 Ra6 33. Bd4 Bf4
34. Be4 Rea8 35. Bb1 Ne5 36. Bxe5 Bxe5 37. Re1 Rc8 38. Rxe5 dxe5 39. c4 Rd8 40.
c5 g6 41. d6 Kf8 42. g5 hxg5 43. hxg5 Ke8 44. Be4 Kd7 45. Rb7+ Ke6 46. Re7# 1-0

[Event "XXVI Festival Conca della Presolana A"]
[Site "Bratto - Castione della Presolana ITA"]
[Date "2006.08.20"]
[Round "2"]
[White "Ruggeri, Pietro"]
[Black "Capece, Adolivio"]
[Result "0-1"]
[WhiteElo "2123"]
[BlackElo "2041"]
[PlyCount "66"]
[EventDate "2006.08.19"]

1. d4 Nf6 2. Bg5 c6 3. Nf3 d6 4. Nbd2 Nbd7 5. e3 h6 6. Bh4 g5 7. Bg3 Nh5 8. Bd3
Nxg3 9. hxg3 Bg7 10. c3 Nf6 11. Qc2 Bd7 12. e4 b5 13. O-O Qc7 14. Rfe1 e5 15.
dxe5 dxe5 16. a4 O-O 17. Nf1 a6 18. Ne3 Be6 19. Qe2 Rfd8 20. Nd2 Qd7 21. Rad1
Qxd3 22. Qf3 g4 23. Qe2 Qxe2 24. Rxe2 Rd7 25. Kf1 Rad8 26. Ke1 Bf8 27. axb5
axb5 28. Ra1 Bc5 29. Ra6 Bxe3 30. fxe3 Rd6 31. Rf2 Nxe4 32. Nxe4 Rd1+ 33. Ke2
Bc4# 0-1

[Event "XXVI Festival Conca della Presolana A"]
[Site "Bratto - Castione della Presolana ITA"]
[Date "2006.08.20"]
[Round "2"]
[White "Saccani, Ettore"]
[Black "Pulvirenti, Gianni"]
[Result "0-1"]
[WhiteElo "1940"]
[BlackElo "1970"]
[PlyCount "100"]
[EventDate "2006.08.19"]

1. e4 g6 2. d4 Bg7 3. Nf3 d6 4. Bc4 c5 5. c3 Nf6 6. dxc5 Nxe4 7. Bxf7+ Kxf7 8.
Qd5+ e6 9. Qxe4 Rf8 10. cxd6 Qxd6 11. Qf4+ Qxf4 12. Bxf4 Nc6 13. Nbd2 e5 14.
Be3 h6 15. O-O-O Be6 16. a3 b5 17. Ne4 a6 18. Rd6 Nd8 19. Rhd1 Bg4 20. Nc5 a5
21. Nd7 Bxf3 22. gxf3 Re8 23. Nb6 Rb8 24. Rd7+ Kg8 25. R1d6 Ne6 26. Nd5 Nf8 27.
Ra7 Ra8 28. Nf6+ Bxf6 29. Rxf6 Rxa7 30. Bxa7 b4 31. Bc5 bxc3 32. bxc3 Nd7 33.
Rxg6+ Kf7 34. Rc6 Rg8 35. Be3 h5 36. Rh6 Nf6 37. h4 Rg2 38. Bg5 Nd5 39. Rc6
Rxf2 40. Rc5 Ke6 41. Rxa5 Nxc3 42. Rc5 Rxf3 43. Rc4 Kd5 44. Rc8 e4 45. Bd2 Na4
46. Rh8 Rxa3 47. Rxh5+ Kd4 48. Rg5 Rh3 49. Ra5 Nc5 50. Bg5 Nb3+ 0-1

[Event "XXVI Festival Conca della Presolana A"]
[Site "Bratto - Castione della Presolana ITA"]
[Date "2006.08.20"]
[Round "2"]
[White "Sala, Sergio"]
[Black "Andreoli, Renato"]
[Result "1/2-1/2"]
[WhiteElo "1902"]
[BlackElo "2137"]
[PlyCount "81"]
[EventDate "2006.08.19"]

1. e4 e5 2. Nf3 Nc6 3. Bc4 Bc5 4. c3 Nf6 5. d3 O-O 6. O-O d5 7. exd5 Nxd5 8. b4
Bb6 9. a4 a6 10. Bxd5 Qxd5 11. c4 Qd8 12. c5 Ba7 13. Qd2 Bf5 14. b5 Nd4 15.
Nxe5 Bxc5 16. Ba3 Bxa3 17. Rxa3 axb5 18. axb5 Nxb5 19. Rxa8 Qxa8 20. Qf4 Nd6
21. g4 f6 22. gxf5 fxe5 23. Qxe5 Rxf5 24. Qe6+ Kh8 25. Re1 Qf8 26. Re2 h6 27.
Nd2 Rg5+ 28. Kf1 Qf4 29. f3 Qh4 30. Ne4 Nxe4 31. fxe4 Qh5 32. Qc8+ Kh7 33. Qxc7
Qf3+ 34. Ke1 Qxd3 35. Qf4 Qb1+ 36. Kf2 Qg1+ 37. Kf3 Qf1+ 38. Ke3 Qc1+ 39. Kf3
Qf1+ 40. Ke3 Qc1+ 41. Kf3 1/2-1/2

[Event "XXVI Festival Conca della Presolana A"]
[Site "Bratto - Castione della Presolana ITA"]
[Date "2006.08.20"]
[Round "2"]
[White "Salvador, Roland"]
[Black "Tomba, Ivan"]
[Result "0-1"]
[WhiteElo "2420"]
[BlackElo "2227"]
[PlyCount "52"]
[EventDate "2006.08.19"]

1. d4 d5 2. Nf3 c6 3. c4 Nf6 4. Nc3 a6 5. c5 Nbd7 6. Bf4 Nh5 7. Qd2 Nxf4 8.
Qxf4 g6 9. e4 Bg7 10. exd5 cxd5 11. Nxd5 e5 12. dxe5 O-O 13. Bc4 Nxc5 14. O-O-O
Kh8 15. Nf6 Qe7 16. Nxh7 Kxh7 17. Ng5+ Qxg5 18. Qxg5 Bh6 19. h4 Bxg5+ 20. hxg5+
Kg7 21. Rh4 Be6 22. g3 Rac8 23. Kb1 Rfd8 24. Rc1 Bf5+ 25. Ka1 b5 26. g4 Be6 0-1

[Event "XXVI Festival Conca della Presolana A"]
[Site "Bratto - Castione della Presolana ITA"]
[Date "2006.08.20"]
[Round "2"]
[White "Sardo, Gabriele"]
[Black "Bruno, Fabio"]
[Result "1/2-1/2"]
[WhiteElo "2190"]
[BlackElo "2388"]
[PlyCount "69"]
[EventDate "2006.08.19"]

1. d4 d5 2. c4 c6 3. Nf3 e6 4. e3 Nf6 5. Bd3 a6 6. O-O dxc4 7. Bxc4 Nbd7 8. Qe2
b5 9. Bb3 c5 10. e4 Bb7 11. a4 Nxe4 12. axb5 axb5 13. Rxa8 Qxa8 14. Qxb5 Nd6
15. Qa4 Bxf3 16. gxf3 Qxa4 17. Bxa4 cxd4 18. Rd1 Nf5 19. Bf4 Bd6 20. Bxd6 Nxd6
21. Rxd4 Ke7 22. Bxd7 Kxd7 23. Nc3 Ke7 24. Ne4 Nxe4 25. fxe4 Kf6 26. b4 Rc8 27.
Kg2 g5 28. b5 Rb8 29. Rb4 Ke5 30. Kf3 h5 31. Ke3 Kd6 32. Kd4 e5+ 33. Kc4 Rc8+
34. Kb3 Rb8 35. Kc4 1/2-1/2

[Event "XXVI Festival Conca della Presolana A"]
[Site "Bratto - Castione della Presolana ITA"]
[Date "2006.08.20"]
[Round "2"]
[White "Sautto, Daniele"]
[Black "Fierro Baquero, Martha Lorena"]
[Result "0-1"]
[WhiteElo "2152"]
[BlackElo "2314"]
[PlyCount "100"]
[EventDate "2006.08.19"]

1. e4 g6 2. d4 Bg7 3. Nc3 c6 4. Nf3 d6 5. Bc4 Nf6 6. Qe2 O-O 7. O-O d5 8. Bd3
Bg4 9. e5 Nfd7 10. h3 Bxf3 11. Qxf3 e6 12. Ne2 c5 13. c3 Nc6 14. Qg4 Qb6 15. h4
cxd4 16. cxd4 Rac8 17. a3 Na5 18. Bg5 Nb3 19. Rad1 f6 20. exf6 Nxf6 21. Qh3 Rf7
22. Bb1 Re8 23. Rd3 Na5 24. Re3 Nc4 25. Rb3 Qd6 26. Bf4 Qd7 27. Bd3 b5 28. Rc3
Ne4 29. Bxe4 dxe4 30. b3 Nxa3 31. Rfc1 e5 32. Qxd7 Rxd7 33. dxe5 Bxe5 34. Bxe5
Rxe5 35. Ng3 b4 36. Re3 Rd3 37. Rce1 Rxe3 38. Rxe3 Nc2 39. Rxe4 Rxe4 40. Nxe4
Nd4 41. Nd2 Kf7 42. g4 Ke6 43. Kg2 Kd5 44. Kg3 a5 45. Kf4 Nxb3 46. Nxb3 a4 47.
Nd2 a3 48. Kg5 a2 49. Nb3 Kc4 50. Na1 b3 0-1

[Event "XXVI Festival Conca della Presolana A"]
[Site "Bratto - Castione della Presolana ITA"]
[Date "2006.08.20"]
[Round "2"]
[White "Sax, Gyula"]
[Black "Mola, Pietro"]
[Result "1-0"]
[WhiteElo "2545"]
[BlackElo "2279"]
[PlyCount "82"]
[EventDate "2006.08.19"]

1. e4 c5 2. Nf3 d6 3. d4 cxd4 4. Nxd4 Nf6 5. Nc3 a6 6. f4 e6 7. Bd3 Nbd7 8. Nf3
Nc5 9. O-O b5 10. Qe1 Bb7 11. a3 Be7 12. b4 Nxd3 13. cxd3 O-O 14. Kh1 Rc8 15.
Bd2 Nd7 16. Nd4 Bf6 17. Nb3 g6 18. Rc1 Bg7 19. Be3 Ba8 20. Qd2 f5 21. Nd4 Qf6
22. Qa2 Rfe8 23. a4 bxa4 24. Qxa4 Nb8 25. b5 e5 26. fxe5 dxe5 27. Nf3 f4 28.
Bg1 Red8 29. b6 Kh8 30. Nd5 Bxd5 31. exd5 Qd6 32. Ng5 Qxd5 33. Rc7 Nd7 34. Qc4
Qxc4 35. dxc4 Nxb6 36. Bxb6 Rxc7 37. Bxc7 Rc8 38. Rb1 Kg8 39. Rb8 Rxb8 40. Bxb8
h6 41. c5 Bf8 1-0

[Event "XXVI Festival Conca della Presolana A"]
[Site "Bratto - Castione della Presolana ITA"]
[Date "2006.08.20"]
[Round "2"]
[White "Sbarra, Marco"]
[Black "Dervishi, Erald"]
[Result "0-1"]
[WhiteElo "2290"]
[BlackElo "2531"]
[PlyCount "72"]
[EventDate "2006.08.19"]

1. c4 e6 2. Nf3 Nf6 3. g3 b6 4. Bg2 Bb7 5. O-O Be7 6. Nc3 O-O 7. b3 d5 8. e3 c5
9. Bb2 Nc6 10. cxd5 exd5 11. d4 a6 12. Rc1 Rc8 13. dxc5 bxc5 14. Na4 Ne4 15.
Ne5 Nxe5 16. Bxe5 f5 17. Qe2 Qa5 18. Rfd1 Rf7 19. Nc3 Rd8 20. g4 fxg4 21. Nxe4
dxe4 22. Rxd8+ Qxd8 23. Rd1 Qc8 24. Bd6 h5 25. Qc4 Bxd6 26. Rxd6 Qf5 27. Rd2 h4
28. Qc1 Qg5 29. Rc2 Rf5 30. Rc4 g3 31. fxg3 hxg3 32. h3 Qh5 33. b4 Rd5 34. Qc2
Rd1+ 35. Bf1 Qxh3 36. Qg2 Qh2+ 0-1

[Event "XXVI Festival Conca della Presolana A"]
[Site "Bratto - Castione della Presolana ITA"]
[Date "2006.08.20"]
[Round "2"]
[White "Vancini, Edoardo"]
[Black "Godena, Michele"]
[Result "1/2-1/2"]
[WhiteElo "2250"]
[BlackElo "2528"]
[PlyCount "33"]
[EventDate "2006.08.19"]

1. c4 e6 2. g3 d5 3. Bg2 Nf6 4. Nf3 dxc4 5. O-O a6 6. Nc3 Be7 7. b3 cxb3 8.
Qxb3 Nc6 9. Rd1 e5 10. d4 Nxd4 11. Nxd4 exd4 12. Bxb7 Bxb7 13. Qxb7 O-O 14. Qc6
Bb4 15. Na4 Qd6 16. Qc4 Qe7 17. Rxd4 1/2-1/2

[Event "XXVI Festival Conca della Presolana A"]
[Site "Bratto - Castione della Presolana ITA"]
[Date "2006.08.20"]
[Round "2"]
[White "Vinzoni, Andrea"]
[Black "Faccia, Sergio"]
[Result "1-0"]
[WhiteElo "2116"]
[BlackElo "2035"]
[PlyCount "89"]
[EventDate "2006.08.19"]

1. d4 e5 2. dxe5 Nc6 3. Nf3 f6 4. exf6 Nxf6 5. c4 Bc5 6. e3 d6 7. Be2 Bg4 8.
Nc3 a5 9. O-O O-O 10. b3 Qe8 11. Nd5 Qh5 12. Bb2 Nxd5 13. Qxd5+ Kh8 14. Qxh5
Bxh5 15. Rfd1 a4 16. Kf1 a3 17. Bc3 Rae8 18. Rd5 Bg6 19. Kg1 Nb4 20. Rd2 Nc2
21. Rad1 Nb4 22. Bd4 Bxd4 23. Nxd4 Re7 24. Nb5 Ra8 25. Bf3 h6 26. Bxb7 Ra5 27.
Bf3 Bc2 28. Ra1 Bg6 29. h3 Kg8 30. Nc3 Bf7 31. Nd5 Bxd5 32. Bxd5+ Kf8 33. Kf1
Re5 34. Rad1 Ke7 35. Ke2 Kf6 36. f4 Re8 37. g4 g5 38. Kf2 Re7 39. h4 Rg7 40.
Kg3 Re7 41. Kf2 Rc5 42. hxg5+ hxg5 43. Rh1 Kg6 44. Kf3 Rg7 45. f5+ 1-0

[Event "XXVI Festival Conca della Presolana A"]
[Site "Bratto - Castione della Presolana ITA"]
[Date "2006.08.20"]
[Round "2"]
[White "Vivo, Mario"]
[Black "De Santis, Alessio"]
[Result "1/2-1/2"]
[WhiteElo "2165"]
[BlackElo "2337"]
[PlyCount "80"]
[EventDate "2006.08.19"]

1. g3 c5 2. Bg2 e6 3. Nf3 Nc6 4. O-O h5 5. d4 cxd4 6. Nxd4 h4 7. c4 hxg3 8.
hxg3 Nxd4 9. Qxd4 Qa5 10. Nc3 Qh5 11. Rd1 Nf6 12. Be3 e5 13. Qd3 d6 14. Kf1 Bh3
15. Bxh3 Qxh3+ 16. Ke1 Qh1+ 17. Kd2 Qc6 18. f3 Rc8 19. b3 Be7 20. g4 e4 21.
Nxe4 d5 22. Nxf6+ gxf6 23. Rh1 Bb4+ 24. Kc2 Rg8 25. c5 b6 26. Rad1 Bxc5 27.
Bxc5 Qxc5+ 28. Kb2 Rd8 29. Rh5 Rg5 30. Rh8+ Ke7 31. Rxd8 Kxd8 32. e4 Ke7 33.
exd5 Kd6 34. Qc3 Qxc3+ 35. Kxc3 Rxd5 36. Rxd5+ Kxd5 37. Kd3 f5 38. gxf5 Ke5 39.
f6 Kxf6 40. Ke4 Ke6 1/2-1/2

[Event "XXVI Festival Conca della Presolana A"]
[Site "Bratto - Castione della Presolana ITA"]
[Date "2006.08.20"]
[Round "2"]
[White "You Zi Chih, Stefano"]
[Black "Magrini, Fabrizio"]
[Result "0-1"]
[WhiteElo "2038"]
[BlackElo "2119"]
[PlyCount "112"]
[EventDate "2006.08.19"]

1. e4 c5 2. Nf3 Nc6 3. d4 cxd4 4. Nxd4 Nf6 5. Nc3 e5 6. Ndb5 d6 7. Bg5 a6 8.
Na3 b5 9. Bxf6 gxf6 10. Nd5 f5 11. c3 Bg7 12. exf5 Bxf5 13. Nc2 O-O 14. Nce3
Be6 15. Bd3 f5 16. O-O Ra7 17. a4 Ne7 18. Nxe7+ Rxe7 19. axb5 axb5 20. Bxb5 d5
21. Ra6 Kh8 22. Qa4 f4 23. Nc2 Qb8 24. Ra1 Bc8 25. Ra8 Qb6 26. Nb4 Qg6 27. Nxd5
Bb7 28. Rxf8+ Bxf8 29. Bd3 Qg8 30. c4 Rg7 31. Be4 Rxg2+ 32. Bxg2 Bxd5 33. cxd5
f3 34. Kf1 Qxg2+ 35. Ke1 Qg1+ 36. Kd2 Qxf2+ 37. Kc3 Qe3+ 38. Kc4 e4 39. Qd1
Qc5+ 40. Kb3 Qb4+ 41. Ka2 Bg7 42. Qb3 Qd6 43. Rf1 h6 44. Qc4 Qf6 45. Qc8+ Kh7
46. Qc2 Qa6+ 47. Kb3 Qb5+ 48. Ka2 Qxd5+ 49. Kb1 Qf5 50. Re1 Be5 51. Kc1 f2 52.
Rf1 Qf4+ 53. Kd1 Bd4 54. Qe2 e3 55. h3 Qe4 56. Qg4 Qd3+ 0-1

[Event "XXVI Festival Conca della Presolana A"]
[Site "Bratto - Castione della Presolana ITA"]
[Date "2006.08.20"]
[Round "2"]
[White "Zoldan, Matteo"]
[Black "Di Lascio, Savino"]
[Result "1-0"]
[WhiteElo "2127"]
[BlackElo "2048"]
[PlyCount "69"]
[EventDate "2006.08.19"]

1. e4 c6 2. c4 d5 3. cxd5 cxd5 4. exd5 Nf6 5. Nc3 Nxd5 6. Nf3 Nc6 7. Bb5 Nxc3
8. bxc3 Qd5 9. Qb3 Be6 10. O-O Qxb3 11. axb3 Bxb3 12. Ne5 Rc8 13. Rxa7 f6 14.
Rxb7 Bd5 15. c4 Kd8 16. Rd7+ Ke8 17. Rxd5 fxe5 18. Bb2 Kf7 19. Rc5 Na7 20. Rxc8
Nxc8 21. Bxe5 e6 22. Ra1 Be7 23. Ra8 Rd8 24. Kf1 Bb4 25. d4 Rf8 26. c5 g5 27.
Rb8 Ba5 28. Rb7+ Ne7 29. Bd6 Bd8 30. c6 Kf6 31. c7 Bxc7 32. Rxc7 Rf7 33. Rxe7
Rxe7 34. Bxe7+ Kxe7 35. Ke2 1-0

[Event "XXVI Festival Conca della Presolana A"]
[Site "Bratto - Castione della Presolana ITA"]
[Date "2006.08.21"]
[Round "3"]
[White "Alberton, Roberto"]
[Black "Rorato, Giovanni Riccardo"]
[Result "1/2-1/2"]
[WhiteElo "2128"]
[BlackElo "2057"]
[PlyCount "208"]
[EventDate "2006.08.19"]

1. Nf3 Nf6 2. d4 c5 3. d5 d6 4. Nc3 g6 5. e4 Bg7 6. Be2 O-O 7. O-O Bg4 8. Nd2
Bxe2 9. Qxe2 Na6 10. Nc4 Nc7 11. a4 e6 12. Qd3 exd5 13. exd5 Nh5 14. Ne4 b5 15.
axb5 Nxb5 16. c3 a6 17. Bg5 f6 18. Bd2 Bh8 19. Rfe1 Re8 20. Ng3 Ng7 21. Bh6 Nc7
22. h4 Ra7 23. h5 f5 24. hxg6 hxg6 25. Qd2 Kf7 26. Na5 Qd7 27. Nc6 Raa8 28. Nf1
Rxe1 29. Rxe1 Re8 30. c4 Rxe1 31. Qxe1 Nge8 32. b3 Bf6 33. Qe3 Ng7 34. Bg5 Nh5
35. Ng3 Nxg3 36. Qxg3 Ne8 37. Qh4 Bxg5 38. Qxg5 Nf6 39. Qd2 Qe8 40. f3 Kg7 41.
Kf2 Qh8 42. Qf4 Qf8 43. Qe3 Qe8 44. Qc3 Qh8 45. Qe3 Qe8 46. Qf4 Qf8 47. Qg5 Qe8
48. Qd2 Qh8 49. Qa5 Qh4+ 50. Kg1 Qf4 51. Qe1 Kh6 52. Qc3 Nd7 53. Nd8 Kh7 54.
Ne6 Qe5 55. Qxe5 Nxe5 56. Nc7 a5 57. Nb5 Nf7 58. Kf2 Kg7 59. f4 Kf6 60. Ke3 Ke7
61. Kd3 Nd8 62. Kc3 Nb7 63. Kb2 a4 64. bxa4 Na5 65. Kc3 Kd7 66. Kd3 Ke7 67. Nc7
Kd7 68. Ne6 Ke7 69. Ng5 Kf6 70. Kc3 Ke7 71. Nf3 Nb7 72. Nd2 Kd7 73. Nb3 Kc7 74.
a5 Kb8 75. Nd2 Nxa5 76. Nf3 Nb7 77. Nh4 Nd8 78. Nxg6 Nf7 79. Ne7 Nh6 80. Kd3
Kc7 81. Ke3 Kd7 82. Nc6 Ke8 83. Kf3 Kf7 84. Nd8+ Ke7 85. Ne6 Ng4 86. Ng5 Kf6
87. Nh3 Nh2+ 88. Ke2 Ng4 89. Nf2 Nh6 90. Kf3 Kg6 91. g4 fxg4+ 92. Nxg4 Nf5 93.
Ne3 Nd4+ 94. Ke4 Kf6 95. Nd1 Kg6 96. Nc3 Kf6 97. Nb5 Nf5 98. Nc3 Nd4 99. Nd1
Kg6 100. Ne3 Kf6 101. Ng4+ Kg6 102. Ne3 Kf6 103. Ng4+ Kg6 104. Ne3 Kf6 1/2-1/2

[Event "XXVI Festival Conca della Presolana A"]
[Site "Bratto - Castione della Presolana ITA"]
[Date "2006.08.21"]
[Round "3"]
[White "Ambrosi, Eleonora"]
[Black "Sala, Sergio"]
[Result "1-0"]
[WhiteElo "2147"]
[BlackElo "1902"]
[PlyCount "71"]
[EventDate "2006.08.19"]

1. e4 Nf6 2. e5 Nd5 3. d4 d6 4. Nf3 Bg4 5. c4 Nb6 6. Nc3 dxe5 7. c5 N6d7 8.
dxe5 Nxc5 9. Qxd8+ Kxd8 10. Be3 Bxf3 11. gxf3 e6 12. O-O-O+ Kc8 13. Rg1 g6 14.
f4 Be7 15. Bg2 c6 16. b4 Ncd7 17. Rd4 Nb6 18. Kb1 Rd8 19. b5 Rxd4 20. Bxd4 Nd5
21. Nxd5 cxd5 22. Bf1 Nd7 23. f5 exf5 24. Bg2 Bc5 25. Rc1 b6 26. Bxd5 Rb8 27.
Bxf7 Kd8 28. Bb2 Ke7 29. Bb3 Bxf2 30. Rc7 Ke8 31. e6 Nc5 32. Rxh7 Rb7 33. Rh8+
Ke7 34. Bd5 Kd6 35. Bxb7 Nxb7 36. e7 1-0

[Event "XXVI Festival Conca della Presolana A"]
[Site "Bratto - Castione della Presolana ITA"]
[Date "2006.08.21"]
[Round "3"]
[White "Andreoli, Renato"]
[Black "Djabri, Katherine"]
[Result "1-0"]
[WhiteElo "2137"]
[BlackElo "2009"]
[PlyCount "113"]
[EventDate "2006.08.19"]

1. Nf3 Nf6 2. g3 g6 3. Bg2 Bg7 4. O-O O-O 5. d4 d6 6. c4 Nc6 7. Nc3 a6 8. h3
Rb8 9. Qc2 Re8 10. Rd1 Bd7 11. e4 Rf8 12. e5 Ne8 13. Bf4 Qc8 14. Kh2 f6 15.
exf6 Nxf6 16. Qd2 Bf5 17. Bh6 Nd8 18. Bxg7 Kxg7 19. Re1 Re8 20. Re2 Nf7 21.
Rae1 Qd8 22. d5 Bd7 23. Nd4 Ne5 24. b3 c5 25. dxc6 Nxc6 26. Nd5 Nxd4 27. Qxd4
e5 28. Qc3 Nxd5 29. Bxd5 Qf6 30. f4 Bc6 31. Bxc6 bxc6 32. fxe5 dxe5 33. Rxe5
Rxe5 34. Qxe5 Qxe5 35. Rxe5 Kf6 36. Ra5 Rd8 37. Rxa6 Rd2+ 38. Kg1 Ke5 39. Rxc6
Rxa2 40. b4 Ke4 41. Rf6 Ke3 42. Rf1 Rc2 43. c5 Rb2 44. c6 Rxb4 45. Rc1 Rb8 46.
c7 Rc8 47. Kg2 Kd2 48. Rc6 Ke3 49. h4 Ke4 50. Kf2 Rf8+ 51. Ke2 Rc8 52. Rc1 h5
53. Rc2 Ke5 54. Ke3 Kf6 55. Kf4 Kf7 56. Ke5 Ke7 57. Rc3 1-0

[Event "XXVI Festival Conca della Presolana A"]
[Site "Bratto - Castione della Presolana ITA"]
[Date "2006.08.21"]
[Round "3"]
[White "Bianco, Raffaele"]
[Black "Sbarra, Marco"]
[Result "0-1"]
[WhiteElo "2069"]
[BlackElo "2290"]
[PlyCount "98"]
[EventDate "2006.08.19"]

1. e4 e5 2. Nf3 Nc6 3. Bb5 a6 4. Ba4 Nf6 5. O-O b5 6. Bb3 Bc5 7. c3 d6 8. a4
Bb7 9. d4 Bb6 10. Bg5 h6 11. Bxf6 Qxf6 12. d5 Ne7 13. Na3 O-O 14. Qd3 Ng6 15.
Nd2 Nf4 16. Qf3 Bc8 17. Kh1 Qg6 18. Qg3 Qxg3 19. hxg3 Nd3 20. f3 Be3 21. Nab1
Bd7 22. Ra2 bxa4 23. Bc2 Bb5 24. Bxa4 Bxa4 25. Rxa4 Nxb2 26. Ra2 Rfb8 27. f4 f6
28. Rf3 Bc5 29. Na3 Rb7 30. Kh2 Bxa3 31. Rxa3 a5 32. Kh3 a4 33. Rf1 Nd3 34.
Rfa1 Nc5 35. Kg4 Rb2 36. R1a2 Rab8 37. Kf3 g6 38. Ke3 Kg7 39. Kf3 h5 40. g4
exf4 41. Kxf4 h4 42. Ke3 Kh6 43. Kf4 Rxa2 44. Rxa2 Rb2 45. Rxb2 Nd3+ 46. Kf3
Nxb2 47. c4 a3 48. c5 a2 49. Nb3 Kg5 0-1

[Event "XXVI Festival Conca della Presolana A"]
[Site "Bratto - Castione della Presolana ITA"]
[Date "2006.08.21"]
[Round "3"]
[White "Bruno, Fabio"]
[Black "Pantaleoni, Claudio"]
[Result "1-0"]
[WhiteElo "2388"]
[BlackElo "2222"]
[PlyCount "71"]
[EventDate "2006.08.19"]

1. c4 e5 2. Nc3 Bb4 3. e3 Bxc3 4. bxc3 d6 5. d3 Ne7 6. g3 O-O 7. Bg2 Nbc6 8.
Ne2 Be6 9. f4 f6 10. O-O Qd7 11. Rb1 Rab8 12. e4 Bg4 13. f5 Nd8 14. Be3 Nf7 15.
Rf2 b6 16. h3 Bxe2 17. Rxe2 Rfd8 18. g4 a6 19. h4 h6 20. Reb2 Kf8 21. Bf3 Qc6
22. g5 hxg5 23. Bh5 Ng8 24. Bxf7 Kxf7 25. Qh5+ Kf8 26. hxg5 Rd7 27. Rh2 Rf7 28.
g6 Re7 29. Qh8 Qa4 30. Kf1 Qa5 31. Bd2 Qxa2 32. Re1 b5 33. Bh6 Qb3 34. Bxg7+
Rxg7 35. Rh7 Rxh7 36. Qxh7 1-0

[Event "XXVI Festival Conca della Presolana A"]
[Site "Bratto - Castione della Presolana ITA"]
[Date "2006.08.21"]
[Round "3"]
[White "Buratti, Marco"]
[Black "Sautto, Daniele"]
[Result "0-1"]
[WhiteElo "2018"]
[BlackElo "2152"]
[PlyCount "42"]
[EventDate "2006.08.19"]

1. e4 d5 2. exd5 Qxd5 3. Nc3 Qe5+ 4. Nge2 c6 5. d4 Qa5 6. Ng3 Nf6 7. Bc4 e6 8.
O-O Be7 9. Re1 O-O 10. Bf4 Rd8 11. Nce4 c5 12. Nh5 Nxe4 13. Rxe4 Rxd4 14. Qg4
g6 15. Rxe6 Bxe6 16. Bxe6 Re4 17. Bc4 Rxc4 18. Qc8+ Qd8 19. Qxb7 Rd4 20. Ng3
Nd7 21. Be3 Rb4 0-1